| 000 | 00508nam a22001817a 4500 | ||
|---|---|---|---|
| 005 | 20240117103824.0 | ||
| 008 | 230125b |||||||| |||| 00| 0 eng d | ||
| 020 | _a938426649-3 | ||
| 041 | _aeng | ||
| 082 | _a615.3 JAI-P | ||
| 100 |
_aJAIN ,VIPUL H., AHIRRAO, Dr. R.A , PAWAR, DR.S.P. AND TADAVI, S.A. _98390 |
||
| 245 | _aPRACTICAL PHARMACEUTICAL MICROBIOLOGY | ||
| 250 | _a1st ed. | ||
| 260 |
_bBIRLA PRAKASHAN _c2023-2024 |
||
| 300 | _a78;P. | ||
| 650 |
_aPHARMAACY _xD.PHARMA _97493 |
||
| 942 | _cBK | ||
| 999 |
_c8215 _d8213 |
||